• 首页
  • 本馆介绍
  • 公告通知
  • 最新文献
  • 馆藏检索
  • 电子资源
  • 读者导购
  • 参考咨询
  • 我的图书馆
  • 登录
  • 详细信息显示
  • 放入我的书架
  • 预约/预借图书
  • 作者相关作品
  • 分类相关作品
  • 丛书相关作品
  • 出版社相关作品

书目信息

  • 表格格式
  • 工作单格式
  • 卡片格式
题名:
领导心理学
    
 
作者: 吴岩 著
分册:  
出版信息: 北京   中央编译出版社  1996
页数: 11,452页
开本: 20cm
丛书名:
单 册:
中图分类: C933 , B84
科图分类: 29.154
主题词: 领导心理学 , 心理学
电子资源:
ISBN: 7-80109-127-2
000 00650nam0 2200253 45
001 1551069705
005 20150128131751.34
010    @a7-80109-127-2@dCNY19.80
100    @a19970627d1996 em y0chiy0121 ea
101 0  @achi
102    @aCN@b110000
105    @ay z 000yy
200 10 @a领导心理学@Aling dao xin li xue@f吴岩著
210    @a北京@c中央编译出版社@d1996
215    @a11,452页@d20cm
510 1  @aThe psychology of leadership@zeng
606    @a领导心理学
606 0  @a心理学
690    @aC933@v3
690    @aB84@v4
692    @a29.154
701  0 @a吴岩@Awu yan@4著
801  0 @aCN@bTSSF@c20150128
905    @aZUCC@dB84@eJY336
    
    领导心理学/吴岩著.-北京:中央编译出版社,1996
    11,452页;20cm
    
    
    ISBN 7-80109-127-2:CNY19.80
    
●
相关链接 在E读中查询图书 在五车中查询图书 在当当中查询图书 在豆瓣中查询图书


正题名:领导心理学     索取号:B84/JY336         预约/预借

序号 登录号 条形码 馆藏地/架位号 状态 备注
1 7859088   278590883   学院路分馆/ [索取号:B84/JY336] 在馆    
唐山师范学院图书馆 欢迎您!
大连网信软件有限公司© 版权所有